[Event "Madrid Los Angeles op 10th"]
[Site "Madrid"]
[Date "2016.04.10"]
[Round "2"]
[White "Alonso Herrero, Ignacio"]
[Black "Ramos Antona, Enrique"]
[Result "1-0"]
[WhiteElo "1775"]
[BlackElo "1588"]
[PlyCount "129"]
[EventDate "2016.04.03"]
[EventType "swiss"]
[EventRounds "9"]
[EventCountry "ESP"]
[SourceTitle "CBM 172 Extra"]
[Source "ChessBase"]
[SourceDate "2016.06.21"]
[SourceVersion "1"]
[SourceVersionDate "2016.06.21"]
[SourceQuality "1"]

1. e4 e5 2. Bc4 Nf6 3. d4 Nc6 4. Nf3 d6 5. dxe5 Nxe5 6. Nxe5 dxe5 7. Bxf7+ Ke7 8. Qxd8+ Kxd8 9. Bg5 h6 10. Bxf6+ gxf6 11. Nc3 Bb4 12. 0-0-0+ Ke7 13. Nd5+ Kxf7 14. Nxb4 Be6 15. Nd5 Rac8 16. Rhf1 c6 17. Ne3 Rcd8 18. Nf5 Rxd1+ 19. Rxd1 Bxf5 20. exf5 Ke7 21. Rd3 Rg8 22. g3 Rg5 23. Rf3 h5 24. h3 Kd6 25. Kd2 e4 26. Rf4 Ke5 27. Ke3 Rxf5 28. Rxe4+ Kd6 29. g4 hxg4 30. hxg4 Rc5 31. c4 b5 32. b4 Rg5 33. c5+ Kd7 34. f3 a5 35. a3 axb4 36. axb4 Rg8 37. Kf4 Rg5 38. Kg3 Rd5 39. Kh4 f5 40. gxf5 Rxf5 41. Kg4 Rf8 42. f4 Rg8+ 43. Kf5 Rf8+ 44. Kg6 Rg8+ 45. Kf7 Rg4 46. Rd4+ Kc8 47. Kf6 Kc7 48. Kf5 Rg8 49. Rd6 Rf8+ 50. Ke5 Re8+ 51. Re6 Rd8 52. f5 Rd5+ 53. Kf6 Kd7 54. Re4 Rd3 55. Kf7 Rf3 56. f6 Rf2 57. Rd4+ Kc7 58. Rd6 Rf4 59. Ke7 Re4+ 60. Re6 Rxb4 61. f7 Rf4 62. f8Q Rxf8 63. Kxf8 Kb7 64. Ke7 b4 65. Re4 1-0

[Event "Madrid-ch"]
[Site "Madrid"]
[Date "2014.02.22"]
[Round "7"]
[White "Alonso Herrero, Ignacio"]
[Black "Rottenwohrer Suarez, Juan"]
[Result "1-0"]
[WhiteElo "1777"]
[BlackElo "1456"]
[PlyCount "111"]
[EventDate "2014.02.06"]
[EventType "swiss"]
[EventRounds "9"]
[EventCountry "ESP"]
[SourceTitle "CBM 159 Extra"]
[Source "ChessBase"]
[SourceDate "2014.04.24"]
[SourceVersion "1"]
[SourceVersionDate "2014.04.24"]
[SourceQuality "1"]

1. e4 c5 2. Nc3 g6 3. f4 Bg7 4. Nf3 Nc6 5. Bb5 a6 6. Bxc6 bxc6 7. 0-0 d5 8. e5 Nh6 9. Na4 Qa5 10. c3 c4 11. b4 cxb3 12. axb3 0-0 13. b4 Qc7 14. Nc5 f6 15. Qe2 fxe5 16. fxe5 Nf7 17. d4 Nd8 18. Bg5 h6 19. Bh4 g5 20. Bg3 a5 21. e6 Qb6 22. Nd7 Bxd7 23. exd7 e6 24. Ne5 Rxf1+ 25. Kxf1 a4 26. Nd3 Ra7 27. Nc5 Qb5 28. Ke1 Qxe2+ 29. Kxe2 Bf8 30. Nxa4 Rxd7 31. Nb2 Bd6 32. Bxd6 Rxd6 33. Ra7 e5 34. dxe5 Re6 35. Nd3 Nf7 36. Rc7 Nxe5 37. Nxe5 Rxe5+ 38. Kd3 Re6 39. c4 Kf8 40. cxd5 cxd5 41. Rd7 Rb6 42. Kc3 Rb5 43. Kb3 g4 44. Ka4 Rb6 45. Rxd5 Ra6+ 46. Kb3 Re6 47. Rd2 Re3+ 48. Ka4 g3 49. hxg3 Rxg3 50. Re2 h5 51. b5 Rg7 52. Ka5 Re7 53. Rxe7 Kxe7 54. b6 Kd7 55. Ka6 Kc8 56. Ka7 1-0

[Event "Madrid-ch"]
[Site "Madrid"]
[Date "2014.02.21"]
[Round "6"]
[White "Yeves Miquel, Enrique"]
[Black "Alonso Herrero, Ignacio"]
[Result "1-0"]
[WhiteElo "1742"]
[BlackElo "1777"]
[PlyCount "33"]
[EventDate "2014.02.06"]
[EventType "swiss"]
[EventRounds "9"]
[EventCountry "ESP"]
[SourceTitle "CBM 159 Extra"]
[Source "ChessBase"]
[SourceDate "2014.04.24"]
[SourceVersion "1"]
[SourceVersionDate "2014.04.24"]
[SourceQuality "1"]

1. d4 b5 2. e4 Bb7 3. Bd3 Nf6 4. Nd2 a6 5. Ngf3 e6 6. 0-0 c5 7. c3 cxd4 8. cxd4 Nc6 9. b3 Qb6 10. Bb2 Nb4 11. Bb1 Be7 12. a3 Nc6 13. e5 Nd5 14. Ne4 Na5 15. Qd3 Rc8 16. Rc1 0-0 17. Nf6+ 1-0

[Event "Madrid-ch sf-B"]
[Site "Madrid"]
[Date "2013.04.06"]
[Round "9"]
[White "Arroyo Fernandez, Francisco J"]
[Black "Alonso Herrero, Ignacio"]
[Result "1/2-1/2"]
[WhiteElo "1832"]
[BlackElo "1799"]
[PlyCount "44"]
[EventDate "2013.03.07"]
[EventType "swiss"]
[EventRounds "9"]
[EventCountry "ESP"]
[SourceTitle "CBM 153 Extra"]
[Source "ChessBase"]
[SourceDate "2013.04.22"]
[SourceVersion "1"]
[SourceVersionDate "2013.04.22"]
[SourceQuality "1"]

1. d4 Nf6 2. c4 e6 3. Nc3 d5 4. Nf3 c5 5. cxd5 exd5 6. g3 cxd4 7. Nxd4 Nc6 8. Bg2 Bc5 9. Nb3 Bb4 10. 0-0 Be6 11. Bg5 0-0 12. Nxd5 Bxd5 13. Bxf6 Qxf6 14. Qxd5 Qxb2 15. Qb5 Rab8 16. Rfb1 Qf6 17. Rd1 Qe6 18. e3 Be7 19. Rd2 a6 20. Qb6 Bd8 21. Qc5 Be7 22. Qb6 Bd8 1/2-1/2

[Event "Madrid-ch sf-B"]
[Site "Madrid"]
[Date "2013.04.05"]
[Round "8"]
[White "Lacaci Otero, Ivan"]
[Black "Alonso Herrero, Ignacio"]
[Result "1-0"]
[WhiteElo "1694"]
[BlackElo "1799"]
[PlyCount "85"]
[EventDate "2013.03.07"]
[EventType "swiss"]
[EventRounds "9"]
[EventCountry "ESP"]
[SourceTitle "CBM 153 Extra"]
[Source "ChessBase"]
[SourceDate "2013.04.22"]
[SourceVersion "1"]
[SourceVersionDate "2013.04.22"]
[SourceQuality "1"]

1. e4 e5 2. Nf3 Nf6 3. Nxe5 d6 4. Nf3 Nxe4 5. Qe2 Qe7 6. d3 Nf6 7. Bg5 Qxe2+ 8. Bxe2 Be7 9. Nc3 c6 10. 0-0 0-0 11. Ne4 Nbd7 12. Rfe1 d5 13. Ng3 h6 14. Bf1 Bc5 15. Be3 Bxe3 16. Rxe3 Re8 17. Rae1 Rxe3 18. Rxe3 Nf8 19. Nh4 g6 20. h3 d4 21. Re1 Be6 22. Ne4 Nxe4 23. Rxe4 c5 24. g4 Nd7 25. Re1 Nf6 26. Nxg6 Nd5 27. Bg2 Nb4 28. a3 Nxc2 29. Re2 Na1 30. Nf4 Re8 31. Bd5 Bd7 32. Rxe8+ Bxe8 33. Bxb7 Nb3 34. Bd5 Na5 35. Ne2 Bb5 36. b4 cxb4 37. axb4 Nc6 38. Bxc6 Bxc6 39. Nxd4 Bd5 40. Nf5 Kh7 41. f4 h5 42. Kf2 Be6 43. Ke3 1-0

[Event "Madrid-ch sf-B"]
[Site "Madrid"]
[Date "2013.03.09"]
[Round "3"]
[White "Alonso Herrero, Ignacio"]
[Black "Ruiz Quevedo, Andres"]
[Result "0-1"]
[WhiteElo "1799"]
[BlackElo "1925"]
[PlyCount "166"]
[EventDate "2013.03.07"]
[EventType "swiss"]
[EventRounds "9"]
[EventCountry "ESP"]
[SourceTitle "CBM 153 Extra"]
[Source "ChessBase"]
[SourceDate "2013.04.22"]
[SourceVersion "1"]
[SourceVersionDate "2013.04.22"]
[SourceQuality "1"]

1. e4 c5 2. Nc3 d6 3. Bb5+ Nd7 4. a4 Ngf6 5. f4 a6 6. Bc4 e6 7. Nf3 Be7 8. 0-0 0-0 9. Qe1 Re8 10. d3 Nf8 11. e5 dxe5 12. fxe5 Nd5 13. Qf2 Nxc3 14. bxc3 Bd7 15. Nd2 Ng6 16. d4 Rf8 17. Nf3 Rc8 18. Bd3 Bc6 19. Be3 cxd4 20. cxd4 Bd5 21. Qe2 Qc7 22. Rfc1 Bc4 23. Rab1 Ba3 24. Rd1 Bxd3 25. Qxd3 Be7 26. Rdc1 Qc4 27. Qb3 Qc3 28. Kf2 Ba3 29. Rd1 Ne7 30. Ne1 Nd5 31. Rd3 Qxb3 32. Rdxb3 Be7 33. Rxb7 Rc4 34. Ra7 Rxa4 35. Rbb7 Ba3 36. c4 Rxc4 37. Rxa6 Bc1 38. Bxc1 Rxc1 39. Nf3 Rc2+ 40. Kg3 h6 41. Raa7 g5 42. Rd7 Nf4 43. Ne1 Rc1 44. Kf2 Kg7 45. g3 Nd5 46. Rxd5 exd5 47. Rd7 Ra8 48. e6 Ra2+ 49. Kf1 Raa1 50. exf7 Rxe1+ 51. Kf2 Rf1+ 52. Kg2 Rxf7 53. Rxd5 g4 54. Re5 Ra2+ 55. Kg1 Rb7 56. Re1 Rbb2 57. d5 Rg2+ 58. Kh1 Rxh2+ 59. Kg1 Rhg2+ 60. Kh1 Rgd2 61. d6 Rxd6 62. Kg1 Ra3 63. Kh2 Rd2+ 64. Kh1 Kf6 65. Kg1 Rdd3 66. Kh1 Ra5 67. Kg2 Rad5 68. Kf2 Rf3+ 69. Kg2 Rd2+ 70. Kh1 Rdd3 71. Kg2 Rxg3+ 72. Kh2 Rde3 73. Rf1+ Rgf3 74. Rb1 Rf2+ 75. Kg1 Rfe2 76. Rb6+ Kg5 77. Kf1 Ra2 78. Rb5+ Kh4 79. Rb4 h5 80. Rb1 Kh3 81. Kg1 Rg3+ 82. Kf1 Rgg2 83. Rd1 Kh2 0-1

[Event "Madrid-ch Previa-B"]
[Site "Madrid"]
[Date "2013.02.23"]
[Round "9"]
[White "Alonso Herrero, Ignacio"]
[Black "Soto Martin, Pablo"]
[Result "1/2-1/2"]
[WhiteElo "1789"]
[BlackElo "1740"]
[PlyCount "61"]
[EventDate "2013.02.01"]
[EventType "swiss"]
[EventRounds "9"]
[EventCountry "ESP"]
[SourceTitle "CBM 152 Extra"]
[Source "ChessBase"]
[SourceDate "2013.02.25"]
[SourceVersion "1"]
[SourceVersionDate "2013.02.25"]
[SourceQuality "1"]

1. e4 e5 2. Bc4 Nc6 3. Nf3 Bc5 4. c3 Nf6 5. d3 d6 6. Bg5 h6 7. Be3 Bb6 8. Nbd2 0-0 9. d4 exd4 10. Nxd4 Ne5 11. Be2 d5 12. f3 dxe4 13. Nxe4 Nxe4 14. fxe4 Qh4+ 15. Bf2 Qxe4 16. 0-0 Ng4 17. Bf3 Qg6 18. Qe2 Nxf2 19. Rxf2 c6 20. Bh5 Qd6 21. Bxf7+ Rxf7 22. Rxf7 Kxf7 23. Rf1+ Kg8 24. Qe8+ Kh7 25. Rf8 Bxd4+ 26. cxd4 Qxd4+ 27. Kf1 Qd3+ 28. Kf2 Qd4+ 29. Kf1 Qd1+ 30. Kf2 Qd2+ 31. Kf1 1/2-1/2

[Event "Madrid San Viator op 18th"]
[Site "Madrid"]
[Date "2012.05.20"]
[Round "7"]
[White "Alonso Herrero, Ignacio"]
[Black "Munoz Manzano, Jose Manuel"]
[Result "0-1"]
[WhiteElo "1809"]
[BlackElo "1911"]
[PlyCount "150"]
[EventDate "2012.03.25"]
[EventType "swiss"]
[EventRounds "9"]
[EventCountry "ESP"]
[SourceTitle "EXT 2013"]
[Source "ChessBase"]
[SourceDate "2012.11.22"]
[SourceVersion "1"]
[SourceVersionDate "2012.11.22"]
[SourceQuality "1"]

1. e4 c6 2. d4 d5 3. e5 Bf5 4. g4 Be4 5. f3 Bg6 6. Nh3 e6 7. Be3 Nd7 8. Nf4 Qb6 9. Qc1 Rc8 10. Nxg6 hxg6 11. c3 c5 12. Qd2 Be7 13. g5 cxd4 14. cxd4 Bb4 15. Nc3 Bxc3 16. bxc3 Qa5 17. Rc1 b5 18. Qb2 a6 19. Bd2 Qa4 20. Bd3 Nb6 21. Bc2 Qc4 22. Qa3 Qc6 23. Qb4 Ne7 24. a4 Qc4 25. Rb1 Qxb4 26. Rxb4 Nc6 27. Rb1 Nxd4 28. cxd4 Rxc2 29. axb5 axb5 30. Rxb5 Nd7 31. Rb7 Rh4 32. Rb4 Rc4 33. Rxc4 dxc4 34. Bc3 Nb6 35. Bb4 Kd7 36. Bc5 Na4 37. Ba7 Kc6 38. 0-0 c3 39. Kg2 Kd5 40. Kg3 Rh8 41. Ra1 Nb2 42. Ra5+ Kc4 43. Rc5+ Kb3 44. d5 exd5 45. Rxd5 Rc8 46. Rd7 Nc4 47. Rb7+ Ka2 48. Bd4 c2 49. Ra7+ Kb3 50. Rb7+ Ka4 51. Ra7+ Kb5 52. Ra1 Rd8 53. e6 fxe6 54. Rc1 Rxd4 55. Rxc2 Kc5 56. Ra2 Nd6 57. Ra5+ Kb6 58. Re5 Nf5+ 59. Kh3 Rd6 60. Kg4 Kc7 61. Ra5 Rd4+ 62. Kh3 Kd6 63. Ra6+ Ke5 64. Ra5+ Kf4 65. Rb5 Kxf3 66. Rb3+ Kf4 67. Rf3+ Kxg5 68. Rf2 Rd3+ 69. Kg2 Ne3+ 70. Kg3 Ng4+ 71. Rf3 Rxf3+ 72. Kxf3 Nxh2+ 73. Kg2 Kf4 74. Kxh2 Kf3 75. Kg1 e5 0-1

[Event "Madrid San Viator op 18th"]
[Site "Madrid"]
[Date "2012.05.06"]
[Round "5"]
[White "Alonso Herrero, Ignacio"]
[Black "Vallejo Nuno, Jorge"]
[Result "0-1"]
[WhiteElo "1809"]
[BlackElo "2068"]
[PlyCount "154"]
[EventDate "2012.03.25"]
[EventType "swiss"]
[EventRounds "9"]
[EventCountry "ESP"]
[SourceTitle "EXT 2013"]
[Source "ChessBase"]
[SourceDate "2012.11.22"]
[SourceVersion "1"]
[SourceVersionDate "2012.11.22"]
[SourceQuality "1"]

1. e4 e5 2. Bc4 Nf6 3. d4 Nxe4 4. dxe5 c6 5. Bxf7+ Kxf7 6. Qf3+ Nf6 7. exf6 Qxf6 8. Nc3 Bb4 9. Qxf6+ gxf6 10. Nge2 d5 11. Bd2 Rg8 12. 0-0 Bf5 13. a3 Bd6 14. Rac1 Nd7 15. Ng3 Be6 16. Nce2 Nb6 17. Nd4 Bd7 18. Ndf5 Bf8 19. Nh6+ Bxh6 20. Bxh6 Nc4 21. f3 b6 22. Rb1 Rae8 23. Kf2 c5 24. Bc1 Ne5 25. b3 d4 26. Ne4 Re6 27. Bd2 Bc6 28. Ng3 Kg6 29. Ne2 Re7 30. Nf4+ Kf7 31. Ne2 d3 32. Nf4 dxc2 33. Rbc1 Bb5 34. Rfe1 Nd3+ 35. Nxd3 Bxd3 36. Rxe7+ Kxe7 37. g4 b5 38. b4 c4 39. Be3 a6 40. Ke1 h5 41. h3 hxg4 42. hxg4 Rh8 43. Kf2 Rh2+ 44. Kg3 Re2 45. Bf4 Ke6 46. g5 fxg5 47. Bxg5 Kf5 48. Bf4 Re6 49. Bd2 Re2 50. Bc3 Kg5 51. Rh1 Bg6 52. Rc1 Kf5 53. Rh1 Re3 54. Bb2 Rb3 55. Bc1 Rb1 56. Kf2 Ke5 57. Ke3 Rb3+ 58. Ke2 Rb1 59. Kd2 Kd4 60. Rh4+ Kd5 61. Rh1 Kd4 62. Rh4+ Ke5 63. Rh1 Bd3 64. Rh4 Bf5 65. Rh1 Rb3 66. Re1+ Kd5 67. Ke2 Rd3 68. Rh1 Kd4 69. Bb2+ c3 70. Bc1 Kc4 71. Be3 Kb3 72. Bc1 Rd6 73. Rg1 Bd3+ 74. Kf2 Bc4 75. Bf4 Rd1 76. Bc1 Rxc1 77. Rxc1 Kb2 0-1

[Event "Madrid San Viator op 18th"]
[Site "Madrid"]
[Date "2012.04.22"]
[Round "4"]
[White "Andres Rodriguez, Florencio"]
[Black "Alonso Herrero, Ignacio"]
[Result "0-1"]
[WhiteElo "1583"]
[BlackElo "1809"]
[PlyCount "64"]
[EventDate "2012.03.25"]
[EventType "swiss"]
[EventRounds "9"]
[EventCountry "ESP"]
[SourceTitle "EXT 2013"]
[Source "ChessBase"]
[SourceDate "2012.11.22"]
[SourceVersion "1"]
[SourceVersionDate "2012.11.22"]
[SourceQuality "1"]

1. Nf3 b6 2. g3 Bb7 3. Bg2 e6 4. d4 c5 5. c3 cxd4 6. cxd4 Bb4+ 7. Nc3 Nf6 8. 0-0 0-0 9. a3 Be7 10. Bf4 d6 11. Qd3 Nd5 12. Nxd5 Bxd5 13. e4 Bb7 14. Rfe1 Nd7 15. Rac1 Rc8 16. Rc3 Nf6 17. Rxc8 Qxc8 18. Rc1 Qd7 19. e5 Nd5 20. Bd2 f5 21. Ng5 dxe5 22. dxe5 Rc8 23. Rxc8+ Qxc8 24. Qb3 h6 25. Nh3 Qc7 26. Nf4 Qxe5 27. Ng6 Qf6 28. Nxe7+ Qxe7 29. Bf4 Qc5 30. Be3 Qc7 31. Bf4 Nxf4 32. Bxb7 Qc1+ 0-1

[Event "Madrid San Viator op 18th"]
[Site "Madrid"]
[Date "2012.03.25"]
[Round "1"]
[White "Alonso Herrero, Ignacio"]
[Black "Vicioso Barbadillo, Juan J"]
[Result "1-0"]
[WhiteElo "1809"]
[BlackElo "1556"]
[PlyCount "59"]
[EventDate "2012.03.25"]
[EventType "swiss"]
[EventRounds "9"]
[EventCountry "ESP"]
[SourceTitle "EXT 2013"]
[Source "ChessBase"]
[SourceDate "2012.11.22"]
[SourceVersion "1"]
[SourceVersionDate "2012.11.22"]
[SourceQuality "1"]

1. e4 e6 2. d4 d5 3. Nd2 Bb4 4. c3 Be7 5. Bd3 Nf6 6. e5 Nfd7 7. Qg4 Bg5 8. f4 Bh6 9. Ngf3 Nc6 10. 0-0 b6 11. f5 exf5 12. Bxf5 Qe7 13. Re1 Bb7 14. e6 fxe6 15. Rxe6 Qxe6 16. Bxe6 0-0-0 17. Nf1 Ncb8 18. Ne5 Bc6 19. Nf7 Rhf8 20. Nxd8 Rxd8 21. Bxh6 gxh6 22. Ne3 a5 23. Nxd5 Bxd5 24. Bxd5 Rf8 25. Re1 c6 26. Be6 c5 27. Bxd7+ Nxd7 28. Re7 cxd4 29. Qxd7+ Kb8 30. Qb7# 1-0

[Event "Madrid-ch prel-B"]
[Site "Madrid"]
[Date "2012.02.24"]
[Round "8.13"]
[White "Melcon Diez, Enrique"]
[Black "Alonso Herrero, Ignacio"]
[Result "0-1"]
[WhiteElo "1628"]
[BlackElo "1809"]
[PlyCount "68"]
[EventDate "2012.02.02"]
[EventType "swiss"]
[EventRounds "9"]
[EventCountry "ESP"]
[SourceTitle "EXT 2024"]
[Source "ChessBase"]
[SourceDate "2023.10.10"]
[SourceVersion "1"]
[SourceVersionDate "2023.10.10"]
[SourceQuality "1"]

1. c4 b6 2. d4 e6 3. a3 Bb7 4. Nc3 Nf6 5. d5 exd5 6. cxd5 Bc5 7. e4 Qe7 8. Bd3 Nxd5 9. Nxd5 Bxd5 10. Qg4 Nc6 11. Qxg7 Bd4 12. Qg5 Qxg5 13. Bxg5 Ne5 14. Bc2 Bxb2 15. Ne2 Bxa1 16. 0-0 Bc4 17. Rxa1 Bxe2 18. Bf6 Ng6 19. Bxh8 Nxh8 20. f4 Ng6 21. g3 0-0-0 22. e5 d6 23. Kf2 Bg4 24. exd6 Rxd6 25. Rc1 Rd2+ 26. Kg1 h5 27. Bb3 Be6 28. Bc2 Ne7 29. Be4 Nd5 30. f5 Bd7 31. h3 Ne3 32. Rc3 Nxf5 33. Rf3 Nd6 34. a4 Nxe4 0-1

[Event "Madrid San Viator op 17th"]
[Site "Madrid"]
[Date "2011.10.23"]
[Round "7"]
[White "Alonso Herrero, Ignacio"]
[Black "Ruiz Escobar, Israel"]
[Result "1/2-1/2"]
[WhiteElo "1812"]
[BlackElo "1757"]
[PlyCount "59"]
[EventDate "2011.09.25"]
[EventType "swiss"]
[EventRounds "9"]
[EventCountry "ESP"]
[SourceTitle "EXT 2012"]
[Source "ChessBase"]
[SourceDate "2011.11.24"]
[SourceVersion "1"]
[SourceVersionDate "2011.11.24"]
[SourceQuality "1"]

1. Nf3 Nf6 2. d4 d5 3. Bf4 Nh5 4. Bg5 h6 5. Bh4 g5 6. Bg3 Nxg3 7. hxg3 Bg7 8. e3 c5 9. c3 Qb6 10. Qc2 Nc6 11. Be2 Bf5 12. Qxf5 Qxb2 13. Qxd5 Qxa1 14. Qb3 cxd4 15. exd4 Nxd4 16. cxd4 0-0 17. Bc4 Rac8 18. 0-0 Bxd4 19. Qd3 Bg7 20. Bb3 Qb2 21. Qd7 Rc1 22. Nbd2 e6 23. Nc4 Rxf1+ 24. Kxf1 Qc1+ 25. Ke2 g4 26. Ne1 Bc3 27. Nd3 Qg5 28. Qxb7 Rd8 29. Qe4 Rd4 30. Qe3 1/2-1/2

[Event "Madrid Oliver Gonzalez Memorial 2nd"]
[Site "Madrid"]
[Date "2011.10.16"]
[Round "9"]
[White "Alonso Herrero, Ignacio"]
[Black "Arias de Reina Martinez, Francisco"]
[Result "1-0"]
[WhiteElo "1812"]
[BlackElo "1604"]
[PlyCount "39"]
[EventDate "2011.10.08"]
[EventType "swiss"]
[EventRounds "9"]
[EventCountry "ESP"]
[SourceTitle "CBM 144 Extra"]
[Source "ChessBase"]
[SourceDate "2011.10.28"]
[SourceVersion "1"]
[SourceVersionDate "2011.10.28"]
[SourceQuality "1"]

1. e4 c5 2. c3 d5 3. exd5 Qxd5 4. d4 Nf6 5. Nf3 e6 6. c4 Qd8 7. Nc3 cxd4 8. Qxd4 a6 9. Qxd8+ Kxd8 10. Be2 Bd6 11. Be3 Ke7 12. 0-0 Nc6 13. Rfe1 Bd7 14. a3 Rac8 15. Rad1 Rhd8 16. Ng5 Bc7 17. Bc5+ Ke8 18. Nce4 e5 19. Nxf6+ gxf6 20. Ne4 1-0

[Event "Madrid San Viator op 17th"]
[Site "Madrid"]
[Date "2011.10.01"]
[Round "2"]
[White "Cabanas Jimenez, Andres"]
[Black "Alonso Herrero, Ignacio"]
[Result "1-0"]
[WhiteElo "2229"]
[BlackElo "1812"]
[PlyCount "83"]
[EventDate "2011.09.25"]
[EventType "swiss"]
[EventRounds "9"]
[EventCountry "ESP"]
[SourceTitle "EXT 2012"]
[Source "ChessBase"]
[SourceDate "2011.11.24"]
[SourceVersion "1"]
[SourceVersionDate "2011.11.24"]
[SourceQuality "1"]

1. e4 e5 2. Nf3 Nc6 3. c3 Nf6 4. d4 exd4 5. e5 Qe7 6. cxd4 d6 7. Bb5 Bd7 8. 0-0 Nd5 9. Bg5 Qe6 10. Re1 Be7 11. Nc3 Nxc3 12. bxc3 d5 13. Bd3 0-0 14. Bf4 Qg4 15. Bg3 Nd8 16. h3 Qh5 17. Be2 Qg6 18. Nh2 Bf5 19. Bh5 Qc6 20. Qd2 Ne6 21. f4 Qb6 22. Bg4 Bxg4 23. Nxg4 c5 24. Rab1 Qa6 25. Bf2 Rfd8 26. Be3 cxd4 27. cxd4 Rac8 28. f5 Nf8 29. f6 gxf6 30. exf6 Bxf6 31. Nxf6+ Qxf6 32. Bg5 Qg6 33. Bxd8 Ne6 34. Rxe6 Qxe6 35. Re1 Qf5 36. Qg5+ Qxg5 37. Bxg5 Rc2 38. Bh6 f6 39. Re7 Rxa2 40. Rxb7 a5 41. Rg7+ Kh8 42. Rf7 1-0

[Event "Madrid San Viator op 17th"]
[Site "Madrid"]
[Date "2011.09.25"]
[Round "1"]
[White "Alonso Herrero, Ignacio"]
[Black "Salgado Duarte, Pablo"]
[Result "1-0"]
[WhiteElo "1812"]
[BlackElo "1484"]
[PlyCount "63"]
[EventDate "2011.09.25"]
[EventType "swiss"]
[EventRounds "9"]
[EventCountry "ESP"]
[SourceTitle "EXT 2012"]
[Source "ChessBase"]
[SourceDate "2011.11.24"]
[SourceVersion "1"]
[SourceVersionDate "2011.11.24"]
[SourceQuality "1"]

1. e4 e5 2. Bc4 Nf6 3. d4 exd4 4. Nf3 Bb4+ 5. c3 dxc3 6. bxc3 Be7 7. e5 Ng8 8. Qd5 Nh6 9. Bxh6 0-0 10. Be3 d6 11. exd6 Bxd6 12. Qh5 Qe7 13. 0-0 Nc6 14. Bg5 Qe4 15. Nbd2 Qf5 16. Qh4 Na5 17. Nd4 Qg6 18. Bd5 h6 19. Be3 Re8 20. Be4 f5 21. Bc2 Bd7 22. Bf4 Bxf4 23. Qxf4 Bc6 24. Nxc6 Nxc6 25. Qxf5 Qxf5 26. Bxf5 Re2 27. Nf3 Rf8 28. Bd3 Re7 29. Rfe1 Rd7 30. Bb5 Rd6 31. Rad1 Rdf6 32. Rd7 1-0

[Event "Madrid San Viator op 15th"]
[Site "Madrid"]
[Date "2010.10.17"]
[Round "4.6"]
[White "Romero Alfonso, Carlos"]
[Black "Alonso Herrero, Ignacio"]
[Result "1/2-1/2"]
[WhiteElo "1889"]
[BlackElo "1839"]
[PlyCount "76"]
[EventDate "2010.09.26"]
[EventType "swiss"]
[EventRounds "9"]
[EventCountry "ESP"]
[SourceTitle "EXT 2024"]
[Source "ChessBase"]
[SourceDate "2023.10.10"]
[SourceVersion "1"]
[SourceVersionDate "2023.10.10"]
[SourceQuality "1"]

1. e4 c5 2. Nc3 d6 3. f4 Nf6 4. Nf3 Nc6 5. Bc4 Bg4 6. 0-0 Nd4 7. d3 e6 8. a4 d5 9. exd5 Nxd5 10. Nxd5 exd5 11. Qe1+ Be7 12. Bb5+ Nxb5 13. axb5 0-0 14. Ne5 Bd7 15. Nxd7 Qxd7 16. c4 d4 17. Qe4 Rfe8 18. Bd2 b6 19. Qf3 Bd6 20. Rfe1 Rac8 21. Kf2 Kf8 22. Rxe8+ Rxe8 23. Qd5 Qe7 24. Re1 Qh4+ 25. g3 Qxh2+ 26. Kf3 Rxe1 27. Bxe1 Qh1+ 28. Kg4 h5+ 29. Kf5 g6+ 30. Kg5 Qxe1 31. Qxd6+ Qe7+ 32. Qxe7+ Kxe7 33. f5 gxf5 34. Kxf5 f6 35. Kg6 Ke6 36. Kxh5 f5 37. Kg6 Ke5 38. Kg5 Ke6 1/2-1/2

[Event "Madrid San Viator op 13th"]
[Site "Madrid"]
[Date "2009.10.25"]
[Round "5"]
[White "Martin Mazuelo, Miguel Angel"]
[Black "Alonso Herrero, Ignacio"]
[Result "1-0"]
[WhiteElo "1955"]
[BlackElo "1841"]
[PlyCount "97"]
[EventDate "2009.09.27"]
[EventType "swiss"]
[EventRounds "9"]
[EventCountry "ESP"]
[SourceTitle "EXT 2010"]
[Source "ChessBase"]
[SourceDate "2010.11.25"]
[SourceVersion "1"]
[SourceVersionDate "2010.11.25"]
[SourceQuality "1"]

1. b3 d5 2. Bb2 Nc6 3. e3 Nf6 4. f4 d4 5. exd4 Qd6 6. Bb5 Qxf4 7. Bxc6+ bxc6 8. Qf3 Qxf3 9. Nxf3 Bf5 10. d3 e6 11. Ne5 c5 12. 0-0 Nd5 13. Nc4 Be7 14. a3 Rb8 15. Nbd2 0-0 16. Nf3 Nf4 17. Nfe5 Nxd3 18. Nc6 Bf6 19. Nxb8 Rxb8 20. cxd3 Bxd3 21. Rxf6 gxf6 22. Nd2 c4 23. b4 a5 24. Bc3 a4 25. Rc1 Rb6 26. Ba1 Rc6 27. Nb1 Kf8 28. Nc3 Ke7 29. Bb2 Ra6 30. Nd1 h6 31. Nf2 Be2 32. Rc2 Bd3 33. Nxd3 cxd3 34. Rxc7+ Kd6 35. Rc3 d2 36. Rd3 Kd5 37. Rxd2 Rc6 38. Kf2 f5 39. Ke3 Rc8 40. Kd3 Rg8 41. Rc2 f4 42. Bc1 Rg4 43. b5 e5 44. dxe5 Kxe5 45. b6 Rg8 46. b7 Rb8 47. Rb2 Rd8+ 48. Ke2 Rb8 49. Kf3 1-0

[Event "Madrid San Viator op 13th"]
[Site "Madrid"]
[Date "2009.10.11"]
[Round "3"]
[White "Salcedo Tornero, Pablo"]
[Black "Alonso Herrero, Ignacio"]
[Result "1-0"]
[WhiteElo "2181"]
[BlackElo "1841"]
[PlyCount "67"]
[EventDate "2009.09.27"]
[EventType "swiss"]
[EventRounds "9"]
[EventCountry "ESP"]
[SourceTitle "EXT 2010"]
[Source "ChessBase"]
[SourceDate "2010.11.25"]
[SourceVersion "1"]
[SourceVersionDate "2010.11.25"]
[SourceQuality "1"]

1. e4 e5 2. Nf3 Nc6 3. Bc4 Bc5 4. b4 Bxb4 5. c3 Be7 6. d4 d6 7. dxe5 dxe5 8. Qb3 Na5 9. Bxf7+ Kf8 10. Qd5 Qxd5 11. Bxd5 Nf6 12. Nbd2 c6 13. Bb3 Nd7 14. 0-0 b5 15. Be6 Bd6 16. a4 Nb7 17. axb5 cxb5 18. Bd5 a5 19. Bc6 Ke7 20. Bxb5 Nbc5 21. Nc4 Nxe4 22. Bc6 Ba6 23. Nxd6 Nxd6 24. Bg5+ Nf6 25. Rfe1 e4 26. Rxa5 Nc4 27. Rxe4+ Kf7 28. Rxc4 Rhb8 29. Rb4 Rxb4 30. cxb4 Rd8 31. Ne5+ Ke6 32. Bd7+ Rxd7 33. Nxd7 Kxd7 34. Bxf6 1-0

[Event "Madrid San Viator op 13th"]
[Site "Madrid"]
[Date "2009.10.04"]
[Round "2"]
[White "Fernandez del Rio, Sergio"]
[Black "Alonso Herrero, Ignacio"]
[Result "0-1"]
[WhiteElo "1954"]
[BlackElo "1841"]
[PlyCount "38"]
[EventDate "2009.09.27"]
[EventType "swiss"]
[EventRounds "9"]
[EventCountry "ESP"]
[SourceTitle "EXT 2010"]
[Source "ChessBase"]
[SourceDate "2010.11.25"]
[SourceVersion "1"]
[SourceVersionDate "2010.11.25"]
[SourceQuality "1"]

1. e4 e5 2. Bc4 Bc5 3. Nc3 Nc6 4. d3 d6 5. Nge2 Bg4 6. Na4 Nd4 7. f3 Bxf3 8. Bxf7+ Kxf7 9. Rf1 Qf6 10. c3 Nxe2 11. Rxf3 Nf4 12. g3 g5 13. Nxc5 dxc5 14. Qb3+ Qe6 15. gxf4 gxf4 16. Qxb7 Ne7 17. Bxf4 Qg4 18. Rg3 Qxf4 19. Ke2 Rab8 0-1